| Tag |
First Indicator |
Second Indicator |
Subfields |
| LEADER |
00000cam a2200000 i 4500 |
| 001 |
in00000028155 |
| 005 |
20151007060011.0 |
| 008 |
780106s1976 ilua b 00010 eng d |
| 020 |
|
|
|a 091541452X
|
| 035 |
|
|
|a (OCoLC)03536123
|
| 035 |
|
|
|9 AAB9846AM
|
| 040 |
|
|
|a VYR
|c VYR
|d m.c.
|d TXA
|d UtOrBLW
|
| 049 |
|
|
|a TXAM
|c [A11650360]
|
| 050 |
|
4 |
|a TA169
|b .I57 1976
|
| 110 |
2 |
|
|a Institute of Environmental Sciences.
|
| 245 |
1 |
0 |
|a Operational reliability and reliability testing ;
|b including CERT, mission profile environments, laboratory vs. field MBTF, screening, and cost-effective testing /
|c Institute of Environmental Sciences.
|
| 264 |
|
1 |
|a Mt. Prospect, Ill. :
|b Institute of Environmental Sciences,
|c [1976?]
|
| 300 |
|
|
|a 73 pages :
|b illustrations ;
|c 27 cm.
|
| 336 |
|
|
|a text
|b txt
|2 rdacontent
|
| 337 |
|
|
|a unmediated
|b n
|2 rdamedia
|
| 338 |
|
|
|a volume
|b nc
|2 rdacarrier
|
| 504 |
|
|
|a Includes bibliographical references.
|
| 650 |
|
0 |
|a Reliability (Engineering)
|
| 999 |
|
|
|a MARS
|
| 999 |
f |
f |
|s 3a777483-3efb-3640-9da8-80668e84bcf1
|i 4fcb6c1b-6a17-3ca8-9c09-8d17ffd9e65e
|t 0
|
| 952 |
f |
f |
|p ric
|a Texas A&M University
|b Rellis Campus
|c Joint Library Facility
|d Remote Storage
|t 0
|e TA169 .I57 1976
|h Library of Congress classification
|i unmediated -- volume
|m A14811650360
|
| 998 |
f |
f |
|a TA169 .I57 1976
|t 0
|l Remote Storage
|